[Event "GER-chT U14 Girls"]
[Site "Regensburg"]
[Date "2014.12.29"]
[Round "5.2"]
[White "Fuchs, Joline"]
[Black "Shvartsman, Kristina"]
[Result "1/2-1/2"]
[WhiteElo "1416"]
[BlackElo "1388"]
[PlyCount "78"]
[EventDate "2014.12.27"]
[EventType "team-swiss"]
[EventRounds "7"]
[EventCountry "GER"]
[SourceTitle "EXT 2016"]
[Source "ChessBase"]
[SourceDate "2015.10.08"]
[SourceVersion "1"]
[SourceVersionDate "2015.10.08"]
[SourceQuality "1"]
[WhiteTeam "Chemnitz USG"]
[BlackTeam "Graefelfing"]
[WhiteTeamCountry "GER"]
[BlackTeamCountry "GER"]

1. e4 c5 2. Nc3 Nc6 3. Nf3 d6 4. Bc4 e6 5. 0-0 Nf6 6. Re1 a6 7. d4 b5 8. Bf1 cxd4 9. Nxd4 Bb7 10. Bg5 Be7 11. Nxc6 Bxc6 12. a3 0-0 13. Qd2 Qc7 14. Rad1 Rfd8 15. Bd3 Rd7 16. Qe2 Rc8 17. Rd2 Nxe4 18. Nxe4 Bxe4 19. Bxe7 Bxd3 20. Qxd3 Rxe7 21. Qxd6 Qxd6 22. Rxd6 h6 23. c3 Ra7 24. h3 Rcc7 25. Red1 Kh7 26. R1d4 Rcb7 27. b4 a5 28. Rc6 axb4 29. axb4 Rc7 30. Rxc7 Rxc7 31. Rd3 Kg6 32. f3 Kf5 33. Kf2 g5 34. Ke3 Ke5 35. g3 Rc4 36. Kd2 Rc6 37. Rd7 Rd6+ 38. Rxd6 Kxd6 39. Kd3 Kd5 1/2-1/2

[Event "GER-chT U14 Girls"]
[Site "Regensburg"]
[Date "2014.12.28"]
[Round "4.2"]
[White "Shvartsman, Kristina"]
[Black "Weiten, Anna"]
[Result "1/2-1/2"]
[WhiteElo "1388"]
[BlackElo "1222"]
[PlyCount "63"]
[EventDate "2014.12.27"]
[EventType "team-swiss"]
[EventRounds "7"]
[EventCountry "GER"]
[SourceTitle "EXT 2016"]
[Source "ChessBase"]
[SourceDate "2015.10.08"]
[SourceVersion "1"]
[SourceVersionDate "2015.10.08"]
[SourceQuality "1"]
[WhiteTeam "Graefelfing"]
[BlackTeam "Riegelsberg"]
[WhiteTeamCountry "GER"]
[BlackTeamCountry "GER"]

1. e4 e5 2. Nf3 Nc6 3. Bc4 Nf6 4. d3 Bc5 5. Be3 Bb6 6. c3 d6 7. Nbd2 Bg4 8. Nf1 0-0 9. Ng3 h6 10. Bb3 Re8 11. Qd2 Bxe3 12. fxe3 d5 13. exd5 Nxd5 14. 0-0 Qd6 15. e4 Nf4 16. Nxe5 Nxe5 17. Qxf4 Be6 18. d4 Ng6 19. Qf2 Rf8 20. Nf5 Qd7 21. Rae1 Rae8 22. Qd2 Ne7 23. Bxe6 Qxe6 24. Nxe7+ Rxe7 25. a3 Rd8 26. e5 Qd5 27. Qf2 b6 28. Rd1 c5 29. Rfe1 cxd4 30. Rxd4 Qa8 31. Rxd8+ Qxd8 32. h3 1/2-1/2

[Event "GER-chT U14 Girls"]
[Site "Regensburg"]
[Date "2014.12.27"]
[Round "2.2"]
[White "Koehler, Inken"]
[Black "Shvartsman, Kristina"]
[Result "1-0"]
[WhiteElo "1765"]
[BlackElo "1388"]
[PlyCount "103"]
[EventDate "2014.12.27"]
[EventType "team-swiss"]
[EventRounds "7"]
[EventCountry "GER"]
[SourceTitle "EXT 2016"]
[Source "ChessBase"]
[SourceDate "2015.10.08"]
[SourceVersion "1"]
[SourceVersionDate "2015.10.08"]
[SourceQuality "1"]
[WhiteTeam "Harksheide"]
[BlackTeam "Graefelfing"]
[WhiteTeamCountry "GER"]
[BlackTeamCountry "GER"]

1. e4 c5 2. d4 cxd4 3. c3 Nf6 4. e5 Nd5 5. Nf3 Nc6 6. cxd4 d6 7. Bc4 Nb6 8. Bb3 dxe5 9. dxe5 Qxd1+ 10. Bxd1 Bf5 11. Nc3 e6 12. 0-0 Be7 13. Be2 0-0 14. Bf4 Bb4 15. Rac1 Rac8 16. Nh4 Bxc3 17. bxc3 Bg6 18. Nxg6 hxg6 19. Rfd1 Rfd8 20. Rxd8+ Rxd8 21. Rd1 Rxd1+ 22. Bxd1 Nd5 23. Bd2 Nxe5 24. Be2 Nd7 25. Bf3 b6 26. Kf1 Kf8 27. Ke2 Ne5 28. Be4 f5 29. Bc2 Ke7 30. Bb3 Kd7 31. c4 Ne7 32. Bc3 Ng4 33. Bxg7 Nxh2 34. f3 Nc6 35. Ba4 f4 36. Kf2 Kd6 37. Bxc6 Kxc6 38. Bf8 e5 39. Kg1 Nxf3+ 40. gxf3 a6 41. Kf2 Kd7 42. Ke2 Ke6 43. a4 a5 44. c5 bxc5 45. Bxc5 e4 46. fxe4 Ke5 47. Kd3 g5 48. Bd4+ Ke6 49. Bc3 g4 50. Bxa5 g3 51. Bb6 f3 52. a5 1-0

[Event "GER-chT U14 Girls"]
[Site "Regensburg"]
[Date "2014.12.27"]
[Round "1.2"]
[White "Simon, Tessa"]
[Black "Shvartsman, Kristina"]
[Result "1/2-1/2"]
[WhiteElo "1841"]
[BlackElo "1388"]
[PlyCount "90"]
[EventDate "2014.12.27"]
[EventType "team-swiss"]
[EventRounds "7"]
[EventCountry "GER"]
[SourceTitle "EXT 2016"]
[Source "ChessBase"]
[SourceDate "2015.10.08"]
[SourceVersion "1"]
[SourceVersionDate "2015.10.08"]
[SourceQuality "1"]
[WhiteTeam "Wilkau Hasslau Muldental"]
[BlackTeam "Graefelfing"]
[WhiteTeamCountry "GER"]
[BlackTeamCountry "GER"]

1. e4 c5 2. Nf3 Nc6 3. d4 cxd4 4. Nxd4 d6 5. Nc3 Nf6 6. f3 a6 7. Be3 e6 8. Qd2 Be7 9. 0-0-0 Qc7 10. Kb1 b5 11. Nxc6 Qxc6 12. g4 b4 13. Ne2 d5 14. g5 Nd7 15. Qd4 0-0 16. exd5 Qb7 17. dxe6 fxe6 18. Bg2 a5 19. Rhg1 Qc7 20. Qe4 Nc5 21. Qxa8 Bd7 22. Rxd7 Qxd7 23. Qxa5 Nb7 24. Qe5 Ra8 25. Bd4 Bf8 26. Bh3 Nd8 27. Nf4 Kh8 28. b3 Nc6 29. Qxe6 Qxd4 30. Ne2 Qc5 31. Rg4 Qa5 32. Qxc6 Qxa2+ 33. Kc1 Rd8 34. Nd4 Qa1+ 35. Kd2 Rxd4+ 36. Rxd4 Qxd4+ 37. Kc1 Qa1+ 38. Kd2 Qd4+ 39. Ke2 Qe5+ 40. Kf1 Qxh2 41. Qc8 Qf4 42. Kf2 Qd2+ 43. Kf1 Qf4 44. Ke2 Qe5+ 45. Kd1 Qd4+ 1/2-1/2